Biggest countries in North America - Statistics

General Stats
  • This quiz has been taken 22 times
  • The average score is 9 of 10
Answer Stats
Number Answer % Correct
1 Canada
100%
6 Cuba
100%
3 Mexico
100%
2 Usa
95%
9 Costa Rica
85%
7 Guatemala
85%
4 Nicaragua
85%
5 Honduras
80%
8 Panama
80%
10 Belize
55%
No matching quizzes found
Score Distribution
Percent of People with Each Score
Percentile by Number Answered
Your Score History
You have not taken this quiz